| 000 | 00729nam a22002297a 4500 | ||
|---|---|---|---|
| 005 | 20251217133518.0 | ||
| 008 | 251217b sp ||||| |||| 00| 0 spa d | ||
| 020 | _a8481557579 | ||
| 050 | 0 | 4 |
_aHD37.S6 _bA43 2001 |
| 100 | 1 | _aAláez Martínez, Ma. Ángeles | |
| 245 | 1 | 0 |
_aInnovación y tamaño de empresa _c / Ma. Ángeles Aláez Martínez. |
| 250 | _a1a ed. | ||
| 260 |
_aMadrid : _bDykinson, _c2001 |
||
| 300 |
_a238 p. ; _c24 cm. |
||
| 504 | _aIncluye bibliografías | ||
| 650 | 7 |
_2lemb _aAdministración industrial |
|
| 650 | 7 |
_2lemb _aCapacidad empresarial |
|
| 650 | 7 |
_2lemb _aNuevas empresas |
|
| 650 | 7 |
_2lemb _aOrganización industrial |
|
| 650 | 4 |
_aIndustria _xDirección y administración |
|
| 942 |
_2lcc _cLIB |
||
| 999 |
_c97304 _d97304 |
||